Countries on the Equator - Statistics

General Stats
  • This quiz has been taken 49 times
  • The average score is 12 of 13
Answers on the Map
Answers color-coded by a green-red scale on the quiz's map according to % correct below.
 
Answer Stats
Answer % Correct
Brazil
100%
Colombia
100%
Indonesia
100%
Ecuador
97%
Somalia
97%
Democratic Republic of the Congo
94%
Kenya
94%
Republic of the Congo
94%
Uganda
89%
Gabon
81%
Sao Tomé and Principe
81%
Maldives
75%
Kiribati
67%
No matching quizzes found
Score Distribution
Percent of People with Each Score
Percentile by Number Answered
Your Score History
You have not taken this quiz